000 00319nam a2200121Ia 4500
008 230524s9999 xx 000 0 und d
100 _aMichael Negnevitsky
245 0 _aArtificial Intelligence: A Guide to Intelligent Systems
260 _bPearson
500 _aQuantity Number: 7
650 _aComp-Sc
942 _cBK
999 _c50238
_d50238